Bài ca ra trận
Một truyện phim đẹp, như một bài thơ, giữa bối cảnh là chiến trường ác liệt. Phim Bài ca ra trận cũng là một bài ca về lòng yêu nước, về lý tưởng của những người trẻ tuổi.
Shranjeno v:
| Format: | Knjiga |
|---|---|
| Jezik: | Undetermined |
| Izdano: |
Thành phố Hồ Chí Minh
Công ty Cổ phần Truyền thông điện ảnh Sài Gòn
2010
|
| Teme: | |
| Oznake: |
Označite
Brez oznak, prvi označite!
|
| Thư viện lưu trữ: | Trung tâm Học liệu Trường Đại học Cần Thơ |
|---|
| LEADER | 00918nam a2200193Ia 4500 | ||
|---|---|---|---|
| 001 | CTU_215030 | ||
| 008 | 210402s9999 xx 000 0 und d | ||
| 020 | |c 42000 | ||
| 082 | |a 791.43 | ||
| 082 | |b B103 | ||
| 245 | 0 | |a Bài ca ra trận | |
| 245 | 0 | |c Trần Đắc (Đạo diễn) ; Thanh Loan ... [et al.] Diễn viên | |
| 260 | |a Thành phố Hồ Chí Minh | ||
| 260 | |b Công ty Cổ phần Truyền thông điện ảnh Sài Gòn | ||
| 260 | |c 2010 | ||
| 520 | |a Một truyện phim đẹp, như một bài thơ, giữa bối cảnh là chiến trường ác liệt. Phim Bài ca ra trận cũng là một bài ca về lòng yêu nước, về lý tưởng của những người trẻ tuổi. | ||
| 650 | |a Motion pictures,Phim điện ảnh | ||
| 904 | |i Tuyến | ||
| 980 | |a Trung tâm Học liệu Trường Đại học Cần Thơ | ||